| 000 | 00863nam a2200241 a 4500 | ||
|---|---|---|---|
| 001 | BRCA_7991 | ||
| 005 | 20190320210102.0 | ||
| 008 | 070414s1913----u--a###f##---#001-0#eng-# | ||
| 041 | _aeng | ||
| 044 | _au | ||
| 050 | 4 |
_aF870 _b.EL37 _c1913 |
|
| 100 | 1 |
_aElder, Paul _919828 |
|
| 245 | 1 | 0 |
_aThe old Spanish missions of California _ban historical and descriptive sketch _cby Paul Elder ; illustrated chiefly from photographs by Western Artists. |
| 260 |
_aEstados Unidos _bPaul Elder Company Publisheers _c1913 |
||
| 300 |
_a89 p. _bfot. _c28 cm. |
||
| 500 | _aY127 | ||
| 650 | 1 | 4 |
_aMisiones espaƱolas _zCalifornia (Estados Unidos) _919829 |
| 650 | 1 | 4 |
_aArte colonial _vEdificios _zCalifornia (Estados Unidos) _919830 |
| 650 | 1 | 4 |
_aArte colonal _vHistoria _zCalifornia (Estados Unidos) _919831 |
| 710 | 2 |
_aWestern Artists _919832 |
|
| 902 | _aGFM | ||
| 942 |
_2lcc _cB |
||
| 999 |
_c7660 _d7660 |
||